1046 1754 1068 1537 1826 1463 1762 1297 1159 1285 1297 1117 1799 1233 1403 1015 1671 1687 1260 1681 1134 1210 1863 1434 1160 1284 1377 1190 1614 1041 1517 1466 1828 1927 1376 1173 1751 1406 1890 1636 1558 1508 1322 1111 1122 1954 1210 1826 1572 1124 1359 1457 1682 1724 1703 1622 1279 1196 1829 1537 1460 1589 1909 1707 1167 1428 1129 1637 1749 1382 1720 1712 1133 1599 1215 1913 1626 1345 1917 1014 1883 1611 1327 1822 1608 1527 1207 1325 1147 1302 1059 1038 1716 1219 1435 1717 1677 1329 1574 BCNSPRNW ULIB Ver.6.0+V

เปลี่ยนเป็นภาษาไทย

Change to English
 แสดงรายละเอียดบรรณานุกรม
  กลับหน้าหลัก

Brief Record : Get Marc (ISO 2709) : E-mail record : QR code < ปิดหน้าต่าง
LEADER : 00000nam 2200000uu 4500
001    13399108123
003     ULIB
008    110217s2552||||th 000 0 tha d
020    9786167047126
060 04 WF145^bท116ก 2552
100 1  ทนันชัย บุญบูรพงศ์
245 10 การบำบัดระบบหายใจในเวชปฏิบัติ :^bRespiratory care inclinical practice /^cทนันชัย บุญบูรพงศ์
246 31 Respiratory care in clinical practice
250    พิมพ์ครั้งที่ 1
260    [กรุงเทพฯ] :^bภาควิชาวิสัญญีวิทยา คณะแพทยศาสตร์โรงพยาบาลรามาธิบดี มหาวิทยาลัยมหิดล,^c2552
300    [4], 522 หน้า. :^bมีภาพประกอบ. ;^c27 ซม.
650  2 ระบบหายใจ^xการรักษา
650  2 Respiratory Care^xtherapy
650  7 ระบบหายใจ
650  7 Respiratory Care
710 2  มหาวิทยาลัยมหิดล. ^bคณะแพทยศาสตร์โรงพยาบาลรามาธิบดี.^bภาควิชาวิสัญญีวิทยา
945    ^p500^l0^i028884
945    ^p500^l0^i028530
945    ^p500^l0^i028529
945    ^p500^l0^i028527
945    ^p500^l0^i028526
945    ^p500^l0^i028525
945    ^p500^l0^i026919
945    ^p500^l0^i026918
945    ^p500^l0^i026916
945    ^p500^l0^i028528
945    ^p500^l0^i028524
945    ^p500^l0^i026917
995    ทศพร
999 ^a ใช้งานได้ทุกระบบ
รายการนี้ยังไม่มีแท็ก
คุณยังไม่ได้ล็อกอิน คุณสามารถมีกิจกรรมร่วมกับเว็บไซต์ได้ แต่ต้องล็อกอินก่อน ::
  ล็อกอิน

รายการสื่อสารสนเทศ

ลำดับที่ ประเภท เลขเรียก/บาร์โค้ด สถานที่ สถานะ
- ไม่พบข้อมูล -

รายการใกล้เคียง
    ผู้แต่ง [ทนันชัย บุญบูรพงศ์]

    หัวเรื่อง [ระบบหายใจ]
    หัวเรื่อง [Respiratory Care]

BibComment


ยังไม่เคยถูกคอมเมนท์

คอมเมนท์ทรัพยากรรายการนี้
  คอมเมนท์: การบำบัดระบบหายใจ..


 Copyright 2026. Bcnsprnw @Library